Catalog

Record Details

Catalog Search



Learning the language of addiction counseling  Cover Image Book Book

Learning the language of addiction counseling / Geri Miller

Record details

  • ISBN: 0471479462
  • Physical Description: xix, 364 p. : ill. ; 25 cm
  • Edition: 2nd ed., [fully rev. and expanded]
  • Publisher: New York : John Wiley, 2005

Content descriptions

Bibliography, etc. Note:
"References": p. 315-345
Includes bibliographical references and index

Available copies

  • 1 of 1 copy available at Common Catalog SPOK.

Holds

  • 0 current holds with 1 total copy.
Show Only Available Copies
Location Call Number / Copy Notes Barcode Shelving Location Status Due Date
Jabok Library SPr-3.7.3 424480026501 Odborná literatura Available -

LDR 01571cam a22003494a 4500
00116490
003CZ-PrJAB
00520200115160651.0
008040512s2005 nyua b 001 0 eng
020 . ‡a0471479462 ‡q (pbk.)
040 . ‡aDLC ‡beng ‡cDLC ‡dDLC ‡dWaU ‡dDLC ‡dABG312
08200. ‡a616.86/06 ‡222
1001 . ‡aMiller, Geraldine A., ‡d1955-
24510. ‡aLearning the language of addiction counseling / ‡cGeri Miller
24630. ‡aAddiction counseling
250 . ‡a2nd ed., [fully rev. and expanded]
260 . ‡aNew York : ‡bJohn Wiley, ‡c2005
300 . ‡axix, 364 p. : ‡bill. ; ‡c25 cm
504 . ‡a"References": p. 315-345
504 . ‡aIncludes bibliographical references and index
6530 . ‡adrogová závislost ‡aDrug abuse ‡akrizová intervence ‡aindividuální terapie ‡askupinová terapie ‡aprevence ‡aporadenství
910 . ‡aABG312
995 . ‡aska
901 . ‡a16490 ‡bCZ-PrJAB ‡c16490 ‡tbiblio

Additional Resources